| 000 | 00618nam a2200133Ia 4500 | ||
|---|---|---|---|
| 008 | 170221s9999 xx 000 0 und d | ||
| 100 | _aViktor I. Abramov | ||
| 245 | 4 | _aThe Preconditions of Economic Management of Problematic Region in a Federal State | |
| 245 | _cViktor I. Abramov, Sofia Sh. Ostanina, Ekaterina L. Vodolazhskaya, Alexey D. Chudnovskiy, Maxim A. Suchkov, Larisa F. Zhandarova, Alla A. Rybolovleva, Guzel B. Sayfutdinova | ||
| 260 | _bInternational Review of Management and Marketing | ||
| 260 | _c2013 | ||
| 650 | _xMarketing. | ||
| 856 | _uhttp://www.econjournals.com/index.php/irmm/issue/view/71 | ||
| 999 |
_c310484 _d310484 |
||